000 00937nam a22003017a 4500
003 CHAP
005 20220329140209.0
008 971013s1987 r 00010 d
010 _a48412
011 _a49384
035 _a53532
040 _cCHAP
090 _aFolleto 11716
100 0 0 _aVega Carrillo, Héctor René.
_9118248
245 _aMéxico y sus energéticos
260 _aZacatecas :
_bDirección General de Investigación,
_c(1987)
300 _a34 p.
_b; gráfs.
490 _aCuadernos de investigación
_v; 27
590 _aBATCH-UPD
_b10
_c20130110
_lUCH01
_h1716
590 _aBATCH-UPD
_b10
_c20130410
_lUCH01
_h1101
590 _aBATCH-UPD
_b10
_c20130914
_lUCH01
_h1108
590 _aCONVERSION
_b10
_c20130109
_lUCH01
_h1326
650 1 4 _aEnergéticos.
_936879
830 0 _aCuadernos de investigación
_v; 27
_929789
901 _aBK
942 _cFOLL
949 _aFolleto 11716
_bBC
_cFOLL
_d-118642
_eTS1
_i53532
_si
999 _c48412
_d48412